| 000 | 01887nim a2200385 i 4500 | ||
|---|---|---|---|
| 001 | 197281 | ||
| 003 | ES-MaACL | ||
| 005 | 20250828062615.0 | ||
| 007 | ss lsnjlcipnne | ||
| 008 | 290425s1991 sp nnnn |||| 00| spa d | ||
| 040 |
_bspa _cES-MaACL |
||
| 245 | 0 | 0 |
_aMartillo de brujas y herejes, el poder judicial _h[Grabación sonora] : _bciclo "El mundo en el que luchan las mujeres" / _cintervienen Alicia Herrera, M.ª Teresa Fernández de la Vega, Manuela Carmena y Cristina Alberti |
| 246 | 1 | _aMundo en el que luchan las mujeres | |
| 260 |
_aMadrid : _bAteneo de Madrid, _c1991. |
||
| 300 |
_a1 casete (ca. 90 min) : _bson. ; _c11 cm |
||
| 490 | 1 | _3Actos culturales en el Ateneo de Madrid | |
| 505 | _aParticipan Alicia Herrera, presidenta de la Asociación de Mujeres Juristas Themis; María Teresa Fernández de la Vega, vocal del Consejo General del Poder Judicial; Manuela Carmena, jueza de vigilancia penitenciaria, y Carmen Alberti, ex-vocal del Consejo General del Poder Judicial | ||
| 518 | _aGrabado el 10 de enero de 1991 en el Salón de Actos del Ateneo de Madrid. | ||
| 520 | _aCharla-debate sobre el poder judicial en España | ||
| 540 | _aDocumento inédito | ||
| 594 | _5Datos basados en la invitación. | ||
| 610 | 2 | 0 |
_aAteneo de Madrid- _xActos culturales- _y1991- _vGrabaciones sonoras _9240452 |
| 650 | 4 |
_916148 _aPoder judicial- _zEspaña |
|
| 653 | _aArchivo de la palabra | ||
| 655 | 0 |
_aConferencias _9234444 |
|
| 700 | 1 |
_9240756 _aHerrera Rivera, Alicia, _d1928-2013 _eora |
|
| 700 | 1 |
_949681 _aFernández de la Vega Sanz, María Teresa, _d1949- _eora |
|
| 700 | 1 |
_aCarmena, Manuela, _d1944- _eora _9241349 |
|
| 710 | 2 |
_aAteneo de Madrid _ehis _91875 |
|
| 830 | 0 |
_aActos culturales en el Ateneo de Madrid _9240237 |
|
| 852 |
_aES-MaACL _cDEPOZ |
||
| 942 |
_2udc _n0 _cCINTASAUD |
||
| 999 |
_c197281 _d197281 |
||